000 00744nam a22002897a 4500
001 BR6000934
003 BR-BrBNA
005 20230928083044.0
007 ta
008 230509b bl.||||| |||| 00| 0 por d
040 _aBR-BrBNA
_bpor
_cBiblioteca Nacional de Agricultura
041 _a(Por)
072 _aF60
090 _ F60 BR6000934
100 1 _aCanto, M. de L.N.
100 1 _aCarneiro, F.
245 1 _aApostila de botanica
_bpt 1-3
250 1 _a2. ed.
260 3 _aSao Paulo, SP (Brasil):
_bNobel,
_c[nd].
300 _a265 p.
650 _aCITOLOGIA VEGETAL
650 _aHISTOLOGIA VEGETAL
650 _aREPRODUCAO VEGETAL
650 _aFISIOLOGIA VEGETAL
909 _a202309
_bLucia
_c55
_dLucia Elande
942 _cBK
999 _c11314
_d11314